000
00423nam a2200145Ia 4500
008
100204s9999 xx 000 0 und d
082
_b
8408
100
_a
पोंक्षे वंदना
245
_a
दीपकळी
260
_b
"रविराज प्रिंटर्स , पुणे"
_c
1986
300
_a
205
630
_a
दीपकळी
730
_a
दीपकळी
942
_c
BOOK
999
_c
452844
_d
452841